| 000 | 00529nam a22001697a 4500 | ||
|---|---|---|---|
| 005 | 20230425081817.0 | ||
| 008 | 230310b ag ||||| |||| 00| 0 espa d | ||
| 020 | _a9508940719 | ||
| 050 | 0 | 4 |
_aKHA4120 _bN45 1997 |
| 100 | 1 | _aNeira, César Carlos | |
| 245 | 1 | 0 |
_aEntes reguladores de servicios _b : la defensa del usuario _c / César Carlos Neira |
| 250 | _a1a ed. | ||
| 260 |
_aBuenos Aires : _bAd-Hoc, _c1997 |
||
| 300 |
_a320 p. ; _c22 cm. |
||
| 650 | 7 |
_2lemb _aServicios públicos _xLegislación _zArgentina |
|
| 942 |
_2lcc _cLIB |
||
| 999 |
_c55655 _d55655 |
||